[Event "Titled Tuesday intern op 15th Aug Early"]
[Site "Chess.com INT"]
[Date "2023.08.15"]
[Round "9"]
[White "Rozhkov, Viacheslav"]
[Black "Fajdetic, Hrvoje"]
[Result "1-0"]
[WhiteElo "2145"]
[BlackElo "2151"]
[PlyCount "73"]
[EventDate "2023.08.15"]
[EventType "swiss (blitz)"]
[EventRounds "11"]
[EventCountry "USA"]
[SourceTitle "EXT 2024"]
[Source "ChessBase"]
[SourceDate "2023.10.10"]
[SourceVersion "1"]
[SourceVersionDate "2023.10.10"]
[SourceQuality "1"]

1. e4 c5 2. Nf3 a6 3. c3 d5 4. exd5 Qxd5 5. d4 Nf6 6. Be2 Bg4 7. 0-0 e6 8. h3 Bh5 9. Be3 Nbd7 10. c4 Qd6 11. Nc3 Be7 12. Qd2 cxd4 13. Nxd4 Bxe2 14. Qxe2 0-0 15. Rfd1 Qc7 16. Rac1 Rfd8 17. Na4 Nc5 18. Nxc5 Bxc5 19. a3 Rd7 20. b4 Ba7 21. Nb3 Bxe3 22. Qxe3 Rxd1+ 23. Rxd1 Rd8 24. Rxd8+ Qxd8 25. Nc5 Qc8 26. Qd4 h6 27. Qd6 Ne8 28. Qb6 a5 29. Qxb7 Qd8 30. Qd7 Qa8 31. b5 Nf6 32. Qc7 Ne4 33. Qb7 Qxb7 34. Nxb7 a4 35. c5 Kf8 36. c6 Ke7 37. b6 1-0